[Event "AUTO-ADV-628"]
[Site "http://www.queenalice.com/game.php?id=263826"]
[Date "2007.8.30"]
[Round "1"]
[White "mlvellozo"]
[Black "lobo"]
[Result "1-0"]
[WhiteElo "1911"]
[BlackElo "1735"]

1. d4 d5 2. c4 dxc4 3. Qa4+ Nc6 4. e3 Nf6 5. Qxc4 e6 6. Nf3 a6 7. Qc2 h6 8. Bd3
Nb4 9. Qe2 Ng4 10. e4 e5 11. d5 c6 12. Nc3 Bc5 13. O-O Qf6 14. Bc4 b5 15. Bb3 a5
16. a3 Na6 17. dxc6 Qxc6 18. Bd5 Qg6 19. Bxa8 O-O 20. Nd5 Be6 21. Ne7+ Bxe7 22.
Bc6 Bc4 23. Qe1 Bxf1 24. Kxf1 Nc5 25. Bxb5 Nxe4 26. Bd3 f5 27. Be3 Bc5 28. Bxc5
Nxc5 29. Bc4+ Kh7 30. Nxe5 Nxh2+ 31. Kg1 Qh5 32. Be2 Qh4 33. b4 axb4 34. axb4
Ne4 35. g3 Qh3 36. Ra6 f4 37. Qb1 Qf5 38. f3 Qxe5 39. Qxe4+ Qxe4 40. fxe4 fxg3
41. b5 Rf2 42. Bh5 Rf8 43. Bg6+ Kh8 44. Re6 Ng4 45. b6 Nf6 46. b7 Rb8 47. Re7
Kg8 48. Rc7 Rxb7 49. Rxb7 Nxe4 50. Bxe4 h5 51. Bg6 1-0

[Event "AUTO-MASTER-382"]
[Site "http://www.queenalice.com/game.php?id=271820"]
[Date "2007.9.14"]
[Round "1"]
[White "aormic"]
[Black "mlvellozo"]
[Result "1-0"]
[WhiteElo "2177"]
[BlackElo "1934"]

1. e4 e5 2. Nf3 Nc6 3. Bb5 Nf6 4. O-O Nd4 5. Nxd4 exd4 6. d3 c6 7. Bc4 d5 8.
exd5 cxd5 9. Re1+ Be7 10. Bb5+ Bd7 11. Bxd7+ Nxd7 12. Qe2 g6 13. Nd2 f6 14. Nf3
Kf7 15. Qe6+ Ke8 16. Qxd5 Rc8 17. Bh6 Rxc2 18. Bg7 Qb6 19. Bxh8 Qxb2 20. Qe6 1-0

[Event "AUTO-MASTER-382"]
[Site "http://www.queenalice.com/game.php?id=271821"]
[Date "2007.9.14"]
[Round "1"]
[White "mlvellozo"]
[Black "aormic"]
[Result "0-1"]
[WhiteElo "1941"]
[BlackElo "2172"]

1. e4 e5 2. Nf3 Nc6 3. d4 exd4 4. Nxd4 Bc5 5. Nxc6 Qf6 6. f3 dxc6 7. Nc3 Ne7 8.
Qe2 Be6 9. e5 Qh4+ 10. g3 Qd4 11. Bd2 Ng6 12. f4 h5 13. O-O-O Bg4 14. Qe4 Bxd1
15. Kxd1 Rd8 16. Bd3 Qxe4 17. Bxe4 Ne7 18. Kc1 O-O 19. Re1 g6 0-1

[Event "AUTO-MASTER-382"]
[Site "http://www.queenalice.com/game.php?id=271838"]
[Date "2007.9.14"]
[Round "1"]
[White "mlvellozo"]
[Black "Brayan"]
[Result "0-1"]
[WhiteElo "1873"]
[BlackElo "1728"]

1. e4 c5 2. c3 g6 3. d4 cxd4 4. Qxd4 Nf6 5. Bg5 Bg7 6. e5 Nc6 7. Qe3 Nd5 8. Qc5
Nc7 9. f4 Ne6 10. Qd5 O-O 11. Nf3 Nxg5 12. Nxg5 e6 13. Qf3 d6 14. exd6 Qxd6 15.
Ne4 Qd5 0-1

[Event "AUTO-MASTER-382"]
[Site "http://www.queenalice.com/game.php?id=271839"]
[Date "2007.9.14"]
[Round "1"]
[White "Brayan"]
[Black "mlvellozo"]
[Result "1-0"]
[WhiteElo "1750"]
[BlackElo "1851"]

1. Nf3 d5 2. b3 c5 3. Bb2 d4 4. e3 Bg4 5. Be2 Nc6 6. O-O e6 7. exd4 Bxf3 8. Bxf3
cxd4 9. d3 e5 10. Re1 Bd6 11. Bxc6+ bxc6 12. Bxd4 f6 13. f4 Ne7 14. fxe5 fxe5
15. Bxe5 1-0

[Event "AUTO-MASTER-382"]
[Site "http://www.queenalice.com/game.php?id=271840"]
[Date "2007.9.14"]
[Round "1"]
[White "mlvellozo"]
[Black "claudiopsi"]
[Result "0-1"]
[WhiteElo "1831"]
[BlackElo "1962"]

1. e4 e5 2. Nf3 Nc6 3. d4 exd4 4. Nxd4 Qf6 5. Qf3 Nxd4 6. Qd3 Bc5 7. Nc3 Nc6 8.
Be3 Nb4 9. Qe2 Bxe3 10. fxe3 c6 11. O-O-O Ne7 12. Qc4 a5 13. Be2 Qf2 14. Rdf1
Qxe3+ 15. Kb1 O-O 16. Rf3 Qg5 17. Rhf1 b5 18. Qb3 a4 19. Qxb4 Qe5 20. a3 d6 21.
Rd3 c5 0-1

[Event "AUTO-MASTER-382"]
[Site "http://www.queenalice.com/game.php?id=271841"]
[Date "2007.9.14"]
[Round "1"]
[White "claudiopsi"]
[Black "mlvellozo"]
[Result "1-0"]
[WhiteElo "1962"]
[BlackElo "1928"]

1. e4 e5 2. Nf3 Nc6 3. Bc4 Bc5 4. b4 Bxb4 5. c3 Bc5 6. d4 exd4 7. O-O dxc3 8.
Qb3 Qe7 9. Nxc3 Ne5 10. Nxe5 Qxe5 11. Bxf7+ Kf8 12. Bxg8 Rxg8 13. Nd5 Bd6 14.
Bf4 Qxe4 15. Bxd6+ cxd6 16. Rfe1 Qd4 17. Qf3+ 1-0

[Event "AUTO-ADV-628"]
[Site "http://www.queenalice.com/game.php?id=355841"]
[Date "2008.2.17"]
[Round "2"]
[White "mlvellozo"]
[Black "biano"]
[Result "1-0"]
[WhiteElo "1811"]
[BlackElo "1903"]

1. e4 e5 2. f4 Be7 3. Nf3 exf4 4. Bc4 Bh4+ 5. g3 fxg3 6. O-O gxh2+ 7. Kh1 d6 8.
d4 Be7 9. Bxf7+ Kxf7 10. Ng5+ Kg6 11. Nf7 Nf6 12. Nxd8 Bxd8 13. e5 dxe5 14. dxe5
Nfd7 15. Qg4+ Bg5 16. Qxg5# 1-0

[Event "AUTO-ADV-628"]
[Site "http://www.queenalice.com/game.php?id=355842"]
[Date "2008.2.17"]
[Round "2"]
[White "biano"]
[Black "mlvellozo"]
[Result "0-1"]
[WhiteElo "1819"]
[BlackElo "1820"]

1. e4 e5 2. f4 Be7 3. Nf3 exf4 4. Bc4 Bh4+ 5. g3 fxg3 6. O-O gxh2+ 7. Kh1 d6 8.
d4 Be7 9. Bxf7+ Kxf7 10. Ne5+ Ke8 11. Qh5+ g6 12. Nxg6 hxg6 13. Qxh8 Be6 14. Nc3
Bf6 15. Rxf6 Qxf6 16. Qxf6 Nxf6 17. Bg5 Ng4 18. Nb5 Na6 19. d5 Bd7 20. Nc3 Kf7
21. Rf1+ Kg7 22. a3 Nc5 23. b4 Na4 24. Nxa4 Bxa4 25. c3 Bb5 26. Rf4 Be2 27. e5
dxe5 28. Rxg4 Bxg4 29. Kxh2 Rh8+ 30. Kg3 Bf5 31. Kf2 Rh2+ 32. Kg3 Rh3+ 0-1

[Event "AUTO-ADV-909"]
[Site "http://www.queenalice.com/game.php?id=402940"]
[Date "2008.5.14"]
[Round "1"]
[White "mlvellozo"]
[Black "reginaldox"]
[Result "1-0"]
[WhiteElo "1809"]
[BlackElo "1721"]

1. e4 c5 2. Bc4 e6 3. e5 Nc6 4. Nf3 d5 5. Bb5 Bd7 6. b3 a6 7. Bd3 g6 8. O-O Bg7
9. Re1 f6 10. Bb2 d4 11. Na3 fxe5 12. Nc4 Nf6 13. Nd6+ Ke7 14. Ng5 Rf8 15. Nge4
Rb8 16. Ba3 Qb6 17. Bxc5 Qd8 18. Nxb7+ 1-0

[Event "AUTO-ADV-909"]
[Site "http://www.queenalice.com/game.php?id=402941"]
[Date "2008.5.14"]
[Round "1"]
[White "reginaldox"]
[Black "mlvellozo"]
[Result "0-1"]
[WhiteElo "1719"]
[BlackElo "1831"]

1. b4 c5 2. b5 d5 3. e3 Nf6 4. Bb2 Qb6 5. a4 g6 6. c4 Be6 7. Nf3 dxc4 8. Qc2 Bg7
9. Bxc4 Bxc4 10. Qxc4 a6 11. O-O O-O 12. d4 Rc8 13. Ne5 e6 14. Rc1 Nbd7 15. Nd2
cxd4 16. Qxd4 Qxd4 17. Bxd4 axb5 18. Rxc8+ Rxc8 19. h3 bxa4 20. Rxa4 Rc1+ 21.
Kh2 Rc2 22. Nef3 e5 23. Ba1 e4 24. Nxe4 Nxe4 25. Bxg7 Ndc5 0-1

[Event "AUTO-ADV-909"]
[Site "http://www.queenalice.com/game.php?id=402943"]
[Date "2008.5.14"]
[Round "1"]
[White "jamescow"]
[Black "mlvellozo"]
[Result "1-0"]
[WhiteElo "1974"]
[BlackElo "1821"]

1. e4 e5 2. Nf3 d6 3. d4 Bg4 4. dxe5 Bxf3 5. Qxf3 dxe5 6. Bc4 Nf6 7. Bg5 Be7 8.
Nc3 Qd4 9. Bb3 Nbd7 10. Rd1 Qb4 11. O-O c6 12. a3 Qb6 13. Be3 Bc5 14. Na4 Qb5
15. Rxd7 Kxd7 16. Nxc5+ Kc7 17. Qf5 b6 18. Qxe5+ Kc8 19. Bf4 Ne8 20. Be6+ fxe6
21. Qxe6+ Kd8 22. Rd1+ 1-0